Nalaganje...
Hinduism
| Glavni avtor: | |
|---|---|
| Format: | Printed Book |
| Izdano: |
Madras;
Sri Ramakrishna Math;
1982
|
| Teme: |
| LEADER | 00443nam a22001337a 4500 | ||
|---|---|---|---|
| 082 | |a SWA/H |b 294.5 | ||
| 100 | |a Swami Nikhilanada; |9 318493 | ||
| 245 | |a Hinduism | ||
| 260 | |a Madras; |b Sri Ramakrishna Math; |c 1982 | ||
| 300 | |a 189p. | ||
| 650 | |a English; Hinduism |9 318494 | ||
| 942 | |c BK | ||
| 999 | |c 77220 |d 77220 | ||
| 952 | |0 0 |1 0 |4 0 |6 SWA_H_294_500000000000000 |7 0 |8 Hindu |9 90525 |a MAL |b MAL |d 2017-05-10 |e 37936 |l 0 |o SWA/H 294.5 |p MAL037936 |r 2017-05-10 |t 1 |w 2017-05-10 |y BK | ||